000 00851nam a2200217 a 4500
001 000016155
003 OSt
005 20250710112511.0
008 100226s1961 dr 001 0 spa d
040 _aDO-SdBNP
_bspa
_cBNPHU
082 _axxxx
_bR426i
110 1 _aRepública Dominicana
_bSecretaría de Estado de Finanzas
_bDirección General del Impuesto Sobre Beneficios
_932264
240 1 3 _aLeyes, etc.
245 1 0 _aImpuesto sobre sucesiones y donaciones :
_bley no. 2569- modificada y jurisprudencia /.
246 1 4 _aImpuesto sobre sucesiones y donaciones :
_bley no. 2569- modificada y jurisprudencia
260 _aCiudad Trujillo, República Dominicana :
_bDirección General del Impuesto Sobre Beneficios,
_c1961.
300 _a43 p. ;
_c20 cm.
590 _aInventariado, 2020/ YL
650 0 _aJurisprudencia
_910464
942 _2ddc
_cLBS1
999 _c15695
_d15695